00446nam a2200181Ia 4500008004100000020001400041050001400055100002500069245001900094245005200113260001500165260001600180260000900196300001400205300002700219300001000246500000800256170918s9999 xx 000 0 und d a590442457 bB879 1956 aBrown, Margaret Wise aBig red barn / cMargaret Wise Brown ; pictures by Felicia Bond. aNew York : bScholastic, c1956 aunpaged : bcolored illustration ; c24cm. a640